000 01140nam0a22002291 4500
001 rc\1051384
005 20250622092716.0
035 _a(NLR Aleph) 006212833
090 _a6386810
_c6386810
100 _a20041129d1981 |||y0rusy50 ca
101 0 _arus
102 _aRU
105 _ay |||||||||
200 1 _aОпределить перспективную структурную потребность населения СССР в бытовых холодильниках и морозильниках на период до 1990 года
_eКрат. отчет
_eТема № 1100; № ГР 80015941
_fМ-во торговли СССР, ВНИИ по изучению спроса населения на товары нар. потребления и конъюнктуры торговли (ВНИИКС). Рос. отд-ние
_gРуководитель темы Аляутдинова Х.И., к. э. н.
210 _aМ.
_cВЦ ВНИИКСа
_d1981
215 _a12 с.
_d30
333 _aДСП. Экз. № 4
801 0 _aRU
_bNLR
_gpsbo
801 1 _aRU
_bELAR
_2rusmarc
852 _aNLR
_j82-50К/208
942 _cBOOK
980 _aNB